00564nam a2200169Ia 4500008004100000020001800041041000800059082001600067100002300083245005200106250000600158260003000164300001200194650003300206999001900239952013600258210716s2010 xx 000 0 und d a9788181283177 aeng a005.73 SHEN aSherwani, Naveed A aAlgorithms for VLSI physical design automation. a3 aNew DelhibSpringerc2010 axxv,572 aData Structures & Algorithms c192776d192776 001040708MCAaAIMITbAIMITeHigginbothams Pvt Ltdg750.00l0o005.73 SHENpMCA12284r2026-05-23 00:00:00v562.50w2021-07-16yBK